Normal view
MARC view
- Calculus and Geometry
Entry Topical Term
001 - CONTROL NUMBER
- control field: 103295
003 - CONTROL NUMBER IDENTIFIER
- control field: NUST
005 - DATE AND TIME OF LATEST TRANSACTION
- control field: 20221121165610.0
008 - FIXED-LENGTH DATA ELEMENTS
- fixed length control field: 221121|| aca||aabn | a|a d
040 ## - CATALOGING SOURCE
- Original cataloging agency: NUST
- Transcribing agency: NUST
150 ## - HEADING--TOPICAL TERM
- Topical term or geographic name entry element: Calculus and Geometry
670 ## - SOURCE DATA FOUND
- Source citation: Work cat.: (NUST)181470: Barcellos, Anthony 103078, Calculus and analytic geometry /, 1987
